| 000 | 00761nam a22002293a 4500 | ||
|---|---|---|---|
| 005 | 20260327064203.0 | ||
| 008 | 010625s1992 mx fr 000 0 spa d | ||
| 020 | _a9507011188 | ||
| 035 | _aUPN01000108947 | ||
| 049 | _aCG | ||
| 050 | 4 |
_aLB1576 _bG7.48 |
|
| 100 | 1 |
_aGraves, Donald H. _935251 |
|
| 245 | 1 | 0 |
_aExploraciones en clases : _blos discursos de la "no ficción" / _cDonald H. Graves ; tr. Isabel Stratta. |
| 260 |
_a[Buenos Aires], Arg. : _bAique, _c1992. |
||
| 300 | _a106 p. | ||
| 440 | 0 | _aEstrategías de aula | |
| 500 | _aTraducción de: Investigate nonfiction | ||
| 650 | 0 | 4 |
_aLenguaje y lenguas _xEstudio y enseñanza _96150 |
| 650 | 0 | 4 |
_aInglés _xComposición y ejercicios _99166 |
| 650 | 0 | 4 |
_aRedacción de informes _912161 |
| 905 | _aLibro | ||
| 999 |
_c82858 _d82858 |
||